| 000 | 00610nam a22001935i 4500 | ||
|---|---|---|---|
| 001 | 152154 | ||
| 003 | ES-MaACL | ||
| 005 | 20230906204546.0 | ||
| 008 | 051011s1875 gw | |||||||| ||eng d | ||
| 040 |
_aCAM _bspa _cCAM |
||
| 100 | 1 |
_aBlack, William. _929067 |
|
| 245 | 1 | 4 |
_aThe maid of Killeena and other stories / _cby William Black. |
| 260 |
_aLeipzig : _bBernhard Tauchnitz, _c1875. |
||
| 300 |
_a254 p. ; _c16 cm. |
||
| 490 | 1 |
_aCollection of british authors ; _v1474 |
|
| 830 | 0 |
_aCollection of british authors ; _v1474 _9180703 |
|
| 852 |
_aES-MaACL _jG-12179 _z-- Enc. hol. |
||
| 999 |
_c152154 _d152154 |
||